Normal view MARC view
  • Mendoza Rojas, Javier

Entry Nombre Personal

Number of records used in: 22

001 - NUMERO DE CONTROL

  • campo de control: 29304

003 - IDENTIFICADOR DE NUMERO DE CONTROL

  • campo de control: DLC

005 - FECHA Y HORA DE LA ÜLTIMA TRANSACCIÓN

  • campo de control: 20240202145054.0

008 - DATOS DE LONGITUD FIJA

  • campo de control de longitud fija: 891101n| acannaabn |a aaa

010 ## - NÚMERO DE CONTROL DE LA BIBLIOTECA DEL CONGRESO

  • Número de control LC: n 89661644

035 ## - NUMERO DE CONTROL

  • Número de control: (OCoLC)oca02628422

040 ## - FUENTE DE CATALOGACIÓN

  • Agencia original de catalogación: DLC
  • Lenguaje de catalogación: spa
  • Agencia de transcripción: DLC
  • Agencia que lo modifica: OCoLC
  • Agencia que lo modifica: MX-MxUPN

100 1# - ENCABEZAMIENTO - NOMBRE PERSONAL

  • Nombre personal: Mendoza Rojas, Javier

400 1# - VEÁSE - NOMBRE DE PERSONA

  • Personal name: Mendoza, Javier

670 ## - FUENTE EN LA QUE SE LOCALIZARON DATOS

  • Cita de la fuente: Política educativa, planeación y universidad, 1988:
  • Información localizada: portada (Javier Mendoza Rojas) página 5 (Javier Mendoza)

902 ## - CATALOGADOR

  • Catalogador: NDAF/190922